00566nam a2200181 a 4500020001800000082001800018100002200036245002600058260003400084300000900118500003500127505002400162650002100186700002200207942000700229952013100236999001700367 a8190227262 00a294.5563bLOR aLorenzen, David N aWho Invented Hinduism aNew Delhi bYoda Press c2006 a284p aincludes index and biblioraphy2 aBibliography, Index aHinduism-History1 aLorenzen, David N cBK 001040708StackRoom-aHMIbHMId2007-11-05g595.00l3o294.5563 LORp021801r2023-11-15s2023-11-14v595.00w2007-04-13yBK c15517d15517